00656nam a2200229 a 4500003000900000005001700009008004100026040001300067100002300080245002700103250001200130260003200142300003200174500006900206650001500275650001400290650003300304650001600337650001800353650002800371653002700399AR-BaBNM20251128204625.0082120s2002 ||||||||||||||000 | spa|| cAR-BaBNM1 aPucci, Julia Marta00aOrtografía funcional a8ª ed. aBuenos AiresbLa Obrac1991 a236 p.btablas, diagr., il. aContiene referencias bibliográficas en notas a pie de página 4aORTOGRAFIA 4aDIDACTICA 4aENSEÑANZA DE LA ORTOGRAFIA 4aACENTUACION 4aPRONUNCIACION 4aTECNICAS DE ENSEÑANZA aENSENANZA DE LA LENGUA